000 00282nam a22001217a 4500
008 170508b xxu||||| |||| 00| 0 eng d
041 _aeng
080 _a341
100 _a14
101 _aSHJ
245 _aTHE EAST CHALLENGE FOR HUMAN RIGHT
_cBAUER.J.R
942 _2udc
_cBK
999 _c13020
_d13020